000 00276nam a22001337a 4500
008 170929b xxu||||| |||| 00| 0 eng d
020 _a9780070180291
041 _aeng
080 _a37
100 _a47
101 _aEDU
245 _aTEACHING
_cDUKE, D.L
942 _2udc
_cBK
999 _c30719
_d30719